000 00631nam a2200229Ia 4500
003 OSt
005 20220928111733.0
006 a|||||r|||| 00| 0
007 ta
008 220927b |||||||| |||| 00| 0 eng d
024 _a60590
037 _cAnnuals, Advances
040 _aSDCL
_cSDCL
_beng
041 _2eng
_aeng
082 _aT:3(P).2, L3
100 _aRastogi Krishan Gopal
_9424814
245 0 _aBhasha samprapti mulyankan.
260 _aAgra
_bKendriya Hindi Sansthan
_c1973
300 _a96p.
_ccm.
942 _hT:3(P).2, L3
_cREF
_2CC
999 _c741726
_d741726